Datum a čas kvízu
33.5
Celkem bodů
Celkový počet nahraných bodů na tomto kvízu bez doplňovacích otázek.
3.
Pořadí na kvízu
Konečné umístění týmu na tomto kvízu.
Zaznamenané odpovědi
| # | Otázka | Odpověď | Body | Výsledky |
|---|---|---|---|---|
| 1. | Jak se jmenoval písničkář, kte... | David Stypka | 1 | |
| 2. | V oblasti okolo černobylské ja... | o modrou barvu | 1 | |
| 3. | Nebyl by to ten správný Hallow... | Medusu/Gorgonu | 1 | |
| 4. | Známý dánský pivovar představi... | Carlsberg | 0 | |
| 5. | Britský svaz vodního slalomu u... | C | 1 | |
| 6. | Ačkoliv je čas večeře, věnujem... | vejce; slaninu | 1 | |
| 7. | Od slané ke sladké snídani. V... | javorový sirup | 1 | |
| 8. | „Snídaně v trávě“ není název: | D | 1 | |
| 9. | Když vyrazíme od Mumlavského v... | Krakonošova snídaně | 1 | |
| 10. | Mnozí z nás si snídani bez káv... | třešně | 0 |